01517nam a2200385 i 450000100060000000300080000600500170001400600190003100700150005000800410006502000180010602000280012403500220015204000310017405000210020508000080022608200140023410000380024824500920028626400780037830000410045633600290049733700330052633800430055949000570060250400290065958800830068859001620077165000150093365500270094879700180097583000580099385600630105199900170111473498FINmELB20241217143456.0m o u cr cn|||||||||231220s2023 sp ob 000 0 spa d z9788413961477 a9788413961811q(e-book) a(OCoLC)1415857928 aFINmELBbspaerdacFINmELB14aHT166bP944 2023 a71104a711.42231 aPérez Igualada, Javier,eautor.10aDiseño urbano :buna aproximación desde la Arquitectura /cJavier Pérez Igualada. 1aValencia :bEditorial de la Universidad Politécnica de Valencia,c2023. a1 recurso en línea (293 páginas) atextobtxt2rdamedia/spa acomputadorabc2rdamedia/spa arecurso en líneabcr2rdacarrier/spa1 aColección Manual de referencia. Serie Arquitectura aContiene bibliografía. aDescripción basada en metadatos suministrados por el editor y otras fuentes. aRecurso electrónico. Santa Fe, Arg.: elibro, 2023. Disponible vía World Wide Web. El acceso puede estar limitado para las bibliotecas afiliadas a elibro. 4aUrbanismo. 4aLibros electrónicos.2 aelibro, Corp. 0aColección Manual de referencia. Serie Arquitectura.40uhttps://elibro.net/ereader/politecnicointernacional/246169 c73498d73498